| 000 | 00351nam a2200133Ia 4500 | ||
|---|---|---|---|
| 008 | 240624s9999 xx 000 0 und d | ||
| 041 | _aeng | ||
| 082 | _a651.7 SON | ||
| 100 | _aBLANCHARD KEN | ||
| 245 | _aHAMSTER REVOLUTION HOW TO MANAGE YOUR EM | ||
| 260 |
_c2008 _aSan Francisco _bBerrett-Koehler Publishers |
||
| 300 | _a129 : p. | ||
| 365 |
_c _b25 |
||
| 999 |
_c21254 _d21254 |
||